00425pab a2200157 454500008004000000100001900040245003900059260000900098300001300107362001200120650001800132650002600150650003400176650001800210773003900228180718b2006 xxu||||| |||| 00| 0 eng d aNepram Damodar aContaining civil service wage bill c2006 ap.51-57. aJul-Dec aWages - India aCivil service - India aCivil service - Salaries, etc aCivil service aPolitical Economy Journal of India